Introduzione alla storia delle fonti del diritto canonico: il diritto antico fino al decretum di Graziano

Saved in:
Bibliografiske detaljer
Hovedforfatter: Ferme, Brian Edwin (Author)
Format: Bog
Sprog:italiensk
Udgivet: Roma Pontificia Università Lateranense 1998
Serier:Quaderni di Apollinaris, 1
Fag:
Tags: Tilføj Tag
Ingen Tags, Vær først til at tagge denne postø!

MARC

LEADER 00000nam a2200000 a 4500
001 UCM2484
003 CL-VaPUC
008 020607e19980000IT |||||||||||||||||ita|d
082 0 4 |a 262.9  |b FER  |2 21 
100 0 |a Ferme, Brian Edwin  |e author  |9 469243 
245 1 0 |a Introduzione alla storia delle fonti del diritto canonico: il diritto antico fino al decretum di Graziano 
300 |a 205 p 
942 |c BK 
945 |d 20020607 00:00:00  |a vberengu 
260 |a Roma  |b Pontificia Università Lateranense  |c 1998 
650 7 |a DERECHO CANONICO  |2 CL-VaPUC  |9 469244 
650 0 |a Fuentes del derecho   |9 255162 
583 |a last modification  |c 20161026 12:25:00  |k Rodrigo Vera 
490 0 |a Quaderni di Apollinaris, 1 
999 |c 300324  |d 300322 
952 |0 0  |1 0  |4 0  |6 262_900000000000000_FER_1998  |7 0  |8 DER_HDC  |9 357939  |a BIBDER  |b BIBDER  |d 2019-11-21  |i 3815730  |o 262.9 FER 1998  |p 3815730  |r 2023-01-25  |w 2019-11-21  |x Ubicación 4to Piso  |y BK  |z Estos recursos deben solicitarse con anticipación  |k DER